Исследование коксуемости каменного угля Судженских копей Томской губернии; Народное хозяйство; № 15-16

Opis bibliograficzny
Parent link:Народное хозяйство
№ 15-16.— 1920.— С. 16-25
1. autor: Чижевский Н. П. Николай Прокопьевич
Język:rosyjski
Wydane: 1920
Hasła przedmiotowe:
Format: MixedMaterials Rozdział
KOHA link:https://koha.lib.tpu.ru/cgi-bin/koha/opac-detail.pl?biblionumber=593624

MARC

LEADER 00000n|a0a2200000 4500
001 593624
005 20241214181914.0
035 |a (RuTPU)RU\TPU\tpu\7191 
090 |a 593624 
100 |a 20011210d1920 k||y0rusy50 ca 
101 0 |a rus 
102 |a RU 
200 1 |a Исследование коксуемости каменного угля Судженских копей Томской губернии  |f Н. П. Чижевский 
461 |t Народное хозяйство 
463 |t № 15-16  |v С. 16-25  |d 1920 
610 1 |a химическая промышленность 
610 1 |a труды учёных ТПУ 
700 1 |a Чижевский  |b Н. П.  |c специалист в области металлургии и коксохимии  |c академик АН СССР, профессор Томского технологического института  |f 1873-1952  |g Николай Прокопьевич  |3 (RuTPU)RU\TPU\pers\7962  |9 1553 
801 0 |a RU  |b 63413507  |c 20011210  |g PSBO 
801 2 |a RU  |b 63413507  |c 20090408  |g PSBO 
942 |c CR